[Event "Eurasian Blitz Chess Cup"]
[Site "Almaty KAZ"]
[Date "2016.06.19"]
[Round "16.1"]
[White "Mamedyarov,S"]
[Black "Karjakin,Sergey"]
[Result "1-0"]
[WhiteElo "2746"]
[BlackElo "2774"]

1.d4 Nf6 2.c4 e6 3.Nc3 Bb4 4.g3 O-O 5.Bg2 d5 6.a3 Be7 7.Qd3 c6 8.Nf3 b6 9.O-O Nbd7
10.b3 Bb7 11.Bb2 c5 12.cxd5 Nxd5 13.Rfd1 Nxc3 14.Bxc3 Nf6 15.dxc5 Bxc5 16.Qb1 Qc7
17.Be5 Qc6 18.Bxf6 gxf6 19.Qb2 Kg7 20.b4 Be7 21.Rac1 Qe8 22.Rc7 Be4 23.Rd4 Bg6
24.Nh4 Rc8 25.Qc1 f5 26.Nxg6 hxg6 27.Rdc4 Rxc7 28.Rxc7 a5 29.Bc6 Qd8 30.Rd7 Qe8
31.Rb7 Qd8 32.Rd7 Qe8 33.Qe3 axb4 34.axb4 Bf6 35.Qxb6 Qc8 36.b5 Rd8 37.Rxd8 Qxd8
38.Qe3 Bd4 39.Qd3 Bb6 40.Qxd8 Bxd8 41.Kg2 Bb6 42.f3 Be3 43.h4 Kf8 44.g4 Kg7
45.Kg3 Bb6 46.e4 Bc7+ 47.Kg2 fxg4 48.fxg4 f5 49.g5 fxe4 50.Bxe4 Ba5 51.Bd3 Kf7
52.Bc4 Bb6 53.Kf3 Bc7 54.Kg4 Bb6 55.Bb3 Bc7 56.Kf3 Bb6 57.Ba2 Bc7 58.Ke4 Bg3
59.b6 Bxh4 60.Kf3  1-0

[Event "Eurasian Blitz Chess Cup"]
[Site "Almaty KAZ"]
[Date "2016.06.19"]
[Round "17.1"]
[White "Mamedyarov,S"]
[Black "Jobava,Ba"]
[Result "0-1"]
[WhiteElo "2746"]
[BlackElo "2669"]

1.d4 Nf6 2.Nf3 g6 3.c4 Bg7 4.Nc3 O-O 5.Bg5 d6 6.Qd2 Nbd7 7.Bh6 e5 8.Bxg7 Kxg7
9.O-O-O Qe7 10.h4 e4 11.Ng5 h6 12.Nh3 c6 13.e3 a6 14.f3 Re8 15.Re1 d5 16.fxe4 dxe4
17.Nf2 b5 18.g4 b4 19.Ne2 Nb6 20.g5 Nxc4 21.Qc2 Nxe3 22.Qxc6 Nfd5 23.Qxa8 Bb7
24.Qa7 Ra8 25.gxh6+ Kh7 26.Qc5 Rc8 27.Qxc8 Bxc8 28.Kb1 Nxf1 29.Rhxf1 e3 30.Nd1 Qe4+
31.Ka1 Bf5  0-1

[Event "Eurasian Blitz Chess Cup"]
[Site "Almaty KAZ"]
[Date "2016.06.19"]
[Round "18.1"]
[White "Jobava,Ba"]
[Black "Mamedyarov,S"]
[Result "1-0"]
[WhiteElo "2669"]
[BlackElo "2746"]

1.d4 d6 2.e4 Nf6 3.Nc3 g6 4.Be2 Bg7 5.h4 h6 6.Be3 c6 7.a4 Nbd7 8.Qd2 e5 9.dxe5 dxe5
10.h5 g5 11.Bc4 Qe7 12.Nge2 Ng4 13.Ng3 Nxe3 14.Qxe3 Nf6 15.O-O-O O-O 16.Kb1 a6
17.Qb6 Re8 18.a5 Bf8 19.Qb3 Rb8 20.Na4 Be6 21.Nb6 Qb4 22.Bxe6 Rxe6 23.Qxb4 Bxb4
24.Nc4 Ng4 25.Rhf1 Bc5 26.f3 Nf6 27.c3 Kh7 28.Kc2 Rg8 29.Nf5 Nxh5 30.Rd7 Kg6
31.Rh1 Rh8 32.Rxb7 Ng7 33.Rb8 Rh7 34.Rg8 h5 35.Rxh5 Kxh5 36.Nxg7+  1-0

[Event "Eurasian Blitz Chess Cup"]
[Site "Almaty KAZ"]
[Date "2016.06.19"]
[Round "19.3"]
[White "Artemiev,V"]
[Black "Mamedyarov,S"]
[Result "1-0"]
[WhiteElo "2653"]
[BlackElo "2746"]

1.Nf3 d6 2.d4 f5 3.g3 Nf6 4.Bg2 g6 5.O-O Bg7 6.b3 O-O 7.Bb2 c6 8.Nbd2 a5
9.c4 a4 10.Qc2 a3 11.Bc3 d5 12.Ne5 Be6 13.Ndf3 Kh8 14.Bb4 Ne4 15.e3 Nd7 16.Nxd7 Qxd7
17.Rad1 Rfc8 18.c5 Qc7 19.Ne1 b6 20.cxb6 Qxb6 21.Nd3 Rc7 22.Rc1 Bc8 23.Rfd1 Ba6
24.Bc5 Qb7 25.Nf4 Qc8 26.Bxa3 Bb5 27.Bb4 Raa7 28.a4 Ba6 29.Ba5 Rcb7 30.Qxc6 Qxc6
31.Rxc6 Rxb3 32.Bb6 Ra8 33.a5 Rb2 34.Bxe4 dxe4 35.Ne6 Bb5 36.Rc5 Be2 37.Rdc1 Kg8
38.R5c2 Rxc2 39.Rxc2 Bd3 40.Rc7 Bf6 41.Nf4 Kf7 42.Nxd3 exd3 43.Kf1 Ke6 44.Ke1 Kd5
45.f3 e5 46.Rc5+ Kd6 47.Bc7+ Kd7 48.Bxe5 Be7 49.Rc7+ Kd8 50.Rb7 Ba3 51.Kd2 Kc8
52.Rb5 Rxa5 53.Rxa5  1-0

[Event "Eurasian Blitz Chess Cup"]
[Site "Almaty KAZ"]
[Date "2016.06.19"]
[Round "20.3"]
[White "Mamedyarov,S"]
[Black "Artemiev,V"]
[Result "1-0"]
[WhiteElo "2746"]
[BlackElo "2653"]

1.d4 d5 2.Nf3 Nf6 3.Bf4 c5 4.e3 Nc6 5.Nbd2 Bf5 6.dxc5 e6 7.Nd4 Bxc5 8.Nxf5 exf5
9.Nb3 Bb6 10.Bd3 Qd7 11.O-O O-O 12.Qf3 Qe6 13.c3 Ne4 14.Nd4 Qf6 15.Rad1 g6
16.h3 Rfe8 17.Bc2 Ne5 18.Qe2 Nc4 19.Bb3 Rac8 20.Nf3 Qe6 21.Ng5 Nxg5 22.Bxg5 Rc7
23.Rd3 Rd7 24.Ba4 Ne5 25.Bxd7 Qxd7 26.Rdd1 Qc6 27.Bf4 Nd7 28.Rd2 Nc5 29.Rfd1 Ne6
30.Qf3 Qa4 31.a3 Nxf4 32.Qxf4 Qxf4 33.exf4 d4 34.cxd4 Kf8 35.d5 Re4 36.d6 Ke8
37.d7+ Kd8 38.Rc1 Rd4 39.Rxd4 Bxd4 40.Rc2 Bb6 41.Rd2 Ke7 42.g4 fxg4 43.hxg4 Bc7
44.Kg2  1-0

[Event "Eurasian Blitz Chess Cup"]
[Site "Almaty KAZ"]
[Date "2016.06.19"]
[Round "21.3"]
[White "Mamedyarov,S"]
[Black "Amonatov,F"]
[Result "0-1"]
[WhiteElo "2746"]
[BlackElo "2614"]

1.d4 Nf6 2.Nf3 g6 3.g3 Bg7 4.Bg2 O-O 5.O-O d6 6.Nc3 Nbd7 7.e4 e5 8.a4 c6
9.h3 b6 10.Be3 Qc7 11.Qd2 Bb7 12.Rad1 Rfe8 13.Rfe1 a6 14.g4 Rad8 15.Bh6 b5
16.axb5 axb5 17.b4 Nb6 18.Qg5 Bxh6 19.Qxh6 Qe7 20.Qg5 Nc4 21.Bf1 exd4 22.Bxc4 dxc3
23.Bb3 c5 24.e5 Bxf3 25.exf6 Qf8 26.Rxe8 Rxe8 27.Rd3 Bc6 28.bxc5 dxc5 29.Bd5 c4
30.Rxc3 Re1+ 31.Kg2 Qc5  0-1

[Event "Eurasian Blitz Chess Cup"]
[Site "Almaty KAZ"]
[Date "2016.06.19"]
[Round "22.3"]
[White "Amonatov,F"]
[Black "Mamedyarov,S"]
[Result "1-0"]
[WhiteElo "2614"]
[BlackElo "2746"]

1.e4 d6 2.d4 Nf6 3.Nc3 g6 4.Bg5 Bg7 5.Qd2 h6 6.Bh4 g5 7.Bg3 Nh5 8.Nge2 e6
9.f3 Nxg3 10.hxg3 a6 11.g4 Nc6 12.O-O-O Bd7 13.Qe3 Qe7 14.Ng3 O-O-O 15.Nh5 Bf8
16.d5 Nb8 17.Qa7 exd5 18.Nxd5 Qe5 19.Bc4 Bc6 20.Rd3 Be7 21.Rhd1 Kd7 22.Nb4 Qa5
23.Nxc6 Nxc6 24.Qxb7 Rb8 25.Nf6+ Bxf6 26.Rxd6+ Ke7 27.Rd7+ Ke8 28.Qxc6 Bxb2+
29.Kb1  1-0

[Event "TCh-TUR Super League 2016"]
[Site "Izmir TUR"]
[Date "2016.07.28"]
[Round "4.3"]
[White "Mamedyarov,S"]
[Black "Inarkiev,E"]
[Result "1/2-1/2"]
[WhiteElo "2764"]
[BlackElo "2730"]

1.c4 e5 2.g3 Nf6 3.Bg2 h6 4.Nf3 e4 5.Nd4 Nc6 6.Nc2 d5 7.cxd5 Qxd5 8.Nc3 Qe6
9.O-O Bd6 10.d3 exd3 11.exd3 O-O 12.d4 Qg4 13.Nb5 Qxd1 14.Rxd1 Bg4 15.f3 Be6
16.Nxd6 cxd6 17.Ne3 Nd5 18.f4 Ncb4 19.Nxd5 Bxd5 20.Bd2 Bxg2 21.Bxb4 Bd5 22.Bxd6 Rfe8
23.Kf2 Re6 24.Bb4 Rae8 25.Re1 Rxe1 26.Bxe1 Re4 27.Rc1 Bc6 28.Rc4 f6 29.Bc3 Re7
30.a4 Kf7 31.Bb4 Rd7 32.Bc5 a6 33.a5 Rd8 34.Bb6 Rd7 35.Rc3 h5 36.h3 g5 37.fxg5 fxg5
38.Bc5 Kg6 39.Re3 Rf7+ 40.Ke2 g4 41.hxg4 hxg4 42.Re6+ Rf6 43.Rxf6+ Kxf6 44.Ke3  1/2-1/2

[Event "TCh-TUR Super League 2016"]
[Site "Izmir TUR"]
[Date "2016.07.29"]
[Round "5.3"]
[White "Can,E"]
[Black "Mamedyarov,S"]
[Result "1/2-1/2"]
[WhiteElo "2571"]
[BlackElo "2764"]

1.Nf3 g6 2.c4 Bg7 3.d4 Nf6 4.Nc3 d5 5.cxd5 Nxd5 6.e4 Nxc3 7.bxc3 O-O 8.Be2 c5
9.Rb1 b6 10.O-O Bb7 11.d5 Bxc3 12.h4 Nd7 13.h5 Qc7 14.hxg6 hxg6 15.Rb3 Bf6
16.Bh6 c4 17.Rb4 Rfc8 18.Rxc4 Qd6 19.Qd2 Rxc4 20.Bxc4 Ne5 21.Nxe5 Qxe5 22.Re1 g5
23.f4 Qd4+  1/2-1/2

[Event "TCh-TUR Super League 2016"]
[Site "Izmir TUR"]
[Date "2016.07.29"]
[Round "6.4"]
[White "Mamedyarov,S"]
[Black "Annaberdiyev,B"]
[Result "1-0"]
[WhiteElo "2764"]
[BlackElo "2242"]

1.d4 Nf6 2.c4 g6 3.Nc3 Bg7 4.g3 O-O 5.Bg2 d6 6.Nf3 Nc6 7.O-O a6 8.e4 Bg4
9.Be3 Nd7 10.Qd2 Bxf3 11.Bxf3 e5 12.d5 Nd4 13.Bg2 c5 14.dxc6 bxc6 15.f4 Rb8
16.Rf2 Nb6 17.Qd3 c5 18.f5 g5 19.Bf3 Bf6 20.Bd2 a5 21.Bh5 Kg7 22.Raf1 h6
23.Kh1 Rh8 24.Nd1 Ra8 25.Ne3 a4 26.h4 Qc8 27.Rh2 Qa6 28.Rc1 Rad8 29.Ng4 d5
30.hxg5 hxg5 31.Nxf6 Kxf6 32.Qe3 Rdg8 33.cxd5 g4 34.b3 axb3 35.axb3 Nd7 36.Bxg4 Ke7
37.Rxh8 Rxh8+ 38.Kg2 Rg8 39.Bd1 Qb5 40.Ra1 Qb7 41.Qh6  1-0

[Event "TCh-TUR Super League 2016"]
[Site "Izmir TUR"]
[Date "2016.07.30"]
[Round "7.2"]
[White "Ivanchuk,V"]
[Black "Mamedyarov,S"]
[Result "1-0"]
[WhiteElo "2728"]
[BlackElo "2764"]

1.e4 e5 2.Nf3 Nc6 3.Bb5 a6 4.Ba4 Nf6 5.O-O Be7 6.Re1 b5 7.Bb3 d6 8.c3 O-O
9.h3 Nb8 10.d4 Nbd7 11.Nbd2 Bb7 12.Bc2 Re8 13.Nf1 Bf8 14.Ng3 g6 15.b3 a5
16.a3 c6 17.Bg5 h6 18.Be3 exd4 19.cxd4 c5 20.Qd2 Kh7 21.Rad1 Rc8 22.d5 Bg7
23.Qe2 Ba6 24.Rc1 Qb6 25.Bd3 Qb7 26.Rb1 Qc7 27.b4 axb4 28.axb4 cxb4 29.Rxb4 Nc5
30.Reb1 Nxd3 31.Qxd3 Nd7 32.Qa3 Ra8 33.Rc1 Nc5 34.Bd4 Qe7 35.Bxg7 Kxg7 36.Nd4 Kh7
37.Qf3 Kg8 38.Rc2 Bb7 39.Rxb5 h5 40.Qf4 Bxd5 41.exd5 Ra1+ 42.Kh2 h4 43.Nh5 gxh5
44.Re2 Ne4 45.Nf5 Qe5 46.Rxe4  1-0

[Event "TCh-TUR Super League 2016"]
[Site "Izmir TUR"]
[Date "2016.08.02"]
[Round "9.1"]
[White "Mamedyarov,S"]
[Black "Savchenko,B"]
[Result "1-0"]
[WhiteElo "2764"]
[BlackElo "2633"]

1.d4 Nf6 2.c4 g6 3.Nc3 d5 4.Bg5 Ne4 5.Bh4 Nxc3 6.bxc3 dxc4 7.e3 Be6 8.Be2 Bg7
9.Nh3 c5 10.Nf4 Bd7 11.Bxc4 cxd4 12.cxd4 Qa5+ 13.Qd2 Nc6 14.Nd5 Rc8 15.Rc1 Qxd2+
16.Kxd2 Be6 17.Rc3 Kd7 18.Rb1 b6 19.Rbc1 Rhd8 20.Nxe7 Nxe7 21.Bb5+ Kd6 22.Rc7 Rxc7
23.Bg3+ Kd5 24.Rxc7 Bf6 25.Bc4+ Ke4 26.Bd3+ Kd5 27.e4+ Kxd4 28.f4  1-0

[Event "TCh-TUR Super League 2016"]
[Site "Izmir TUR"]
[Date "2016.08.03"]
[Round "11.7"]
[White "Mamedyarov,S"]
[Black "Cheparinov,I"]
[Result "1/2-1/2"]
[WhiteElo "2764"]
[BlackElo "2688"]

1.d4 Nf6 2.c4 e6 3.Nc3 Bb4 4.g3 O-O 5.Bg2 d5 6.a3 Bxc3+ 7.bxc3 dxc4 8.Qa4 Bd7
9.Qxc4 Bc6 10.f3 Qd5 11.Qxd5 exd5 12.Bf4 Nbd7 13.Bxc7 Rfe8 14.Bh3 Nb6 15.Bxb6 axb6
16.Bf5 Ra5 17.Kd2 Rea8 18.Nh3 Ne8 19.Bd3 Nd6 20.Rhb1 b5 21.Rb3 Nc4+ 22.Kc1 Nxa3
23.e4 Nc4 24.Rxa5 Rxa5 25.Nf4 Ra1+ 26.Rb1 Rxb1+ 27.Bxb1 dxe4 28.fxe4 f6 29.Ne6 Nd6
30.d5 Bd7 31.Nd4 Kf7 32.Bd3 Ke7 33.Kc2 Be8 34.Kd2 Bd7 35.Ke3 g6 36.Kf4 Be8
37.h4 h6 38.Ke3 Bd7 39.Nc2 Nf7 40.Na3 Nd6 41.Kd4 b6 42.Ke3 Be8 43.Nc2 Bd7
44.Nd4 g5 45.Nc2 Nf7 46.Na3 Nd6 47.Kd4 Be8 48.Be2 Kf8 49.Nc2 Ke7 50.Ne3 Bg6
51.Bf3 Be8 52.h5 Bd7 53.Be2 Be8 54.Bg4 Kd8 55.Bf3 Ke7 56.Be2 Bd7 57.Bd1 Be8
58.Nc2 Bd7 59.Be2 Nf7 60.Ne3 Nd6 61.Bf3 Be8 62.Bg4 Kd8 63.e5 fxe5+ 64.Kxe5 Ke7
65.Be2 Nf7+ 66.Kd4 Nd6 67.Ke5 Nf7+ 68.Kd4 Nd6 69.Bd1 Bd7 70.Bf3 Be8 71.Bg4 Kf6
72.Be2 Ke7 73.g4 Bd7 74.Ke5 Nf7+ 75.Kd4 Nd6 76.Nc2 Kf6 77.Nb4 Bc8 78.Nc6 Bd7
79.Ne5 Bc8 80.Bd3 Ke7 81.Be2 Kf6 82.Nd3 Bd7 83.Nb4 Bc8 84.Bd1 Ke7 85.Be2 Kf6
86.Bd1 Ke7 87.Be2  1/2-1/2

[Event "TCh-TUR Super League 2016"]
[Site "Izmir TUR"]
[Date "2016.08.04"]
[Round "12.2"]
[White "Mchedlishvili,M"]
[Black "Mamedyarov,S"]
[Result "0-1"]
[WhiteElo "2604"]
[BlackElo "2764"]

1.d4 Nf6 2.c4 e6 3.Nc3 Bb4 4.e3 O-O 5.Bd3 d5 6.Nf3 dxc4 7.Bxc4 b6 8.O-O Bb7
9.Qe2 Nbd7 10.Rd1 Qe7 11.a3 Bxc3 12.bxc3 Ne4 13.Bb2 f5 14.Bb5 Ndf6 15.Nd2 Nxd2
16.Rxd2 Ne4 17.Rdd1 Nd6 18.Bd3 Qh4 19.f3 Rf6 20.Qf2 Qh5 21.c4 Rh6 22.h3 Rf8
23.Be2 Rg6 24.Kh2 f4 25.e4 Rg3 26.d5 e5 27.c5 bxc5 28.Rh1 Bc8 29.Kg1 Bxh3
30.Rh2 Qg5 31.Kh1 Bg4 32.Rf1 h5 33.Qe1 Bc8 34.Qc3 Nxe4 35.Qxe5 Qxe5 36.Bxe5 Rg5
37.Bxf4 Rxf4 38.fxe4 Rxf1+ 39.Bxf1 Kf7 40.Be2 Bg4 41.Bd3 Kf6 42.Kg1 Ke5 43.Kf2 Kd4
44.Bc2 Rg6 45.Rh1 Rb6 46.Kg3 Rb2 47.Rc1 g5 48.Ba4 c4 49.Re1 Ra2  0-1

[Event "42nd Olympiad 2016"]
[Site "Baku AZE"]
[Date "2016.09.09"]
[Round "7.4"]
[White "Saric,Iv"]
[Black "Mamedyarov,S"]
[Result "1/2-1/2"]
[WhiteElo "2668"]
[BlackElo "2761"]

1.e4 c6 2.d4 d5 3.Nc3 dxe4 4.Nxe4 Bf5 5.Ng3 Bg6 6.h4 h6 7.Nf3 e6 8.Ne5 Bh7
9.Bd3 Bxd3 10.Qxd3 Nd7 11.f4 Be7 12.Bd2 Nxe5 13.fxe5 Bxh4 14.O-O-O Bxg3 15.Qxg3 Ne7
16.Qxg7 Rg8 17.Qh7 Qd5 18.Kb1 O-O-O 19.Qxf7 Rxg2 20.Ba5 Qxa5 21.Qxe7 Qd5
22.b3 Rd7 23.Qf8+ Kc7 24.Rxh6 c5 25.Rh4 Qc6 26.Rh8 cxd4 27.Qc8+ Kb6 28.Qxc6+ Kxc6
29.Rh4 Re2 30.Rhxd4 Rxd4 31.Rxd4 Rxe5 32.Kb2 Rd5 33.Rh4 e5  1/2-1/2

[Event "42nd Olympiad 2016"]
[Site "Baku AZE"]
[Date "2016.09.10"]
[Round "8.4"]
[White "Mamedyarov,S"]
[Black "Shirov,A"]
[Result "1/2-1/2"]
[WhiteElo "2761"]
[BlackElo "2673"]

1.d4 Nf6 2.c4 e6 3.Nf3 d5 4.Nc3 c6 5.e3 Nbd7 6.Qc2 Bd6 7.e4 Nxe4 8.Nxe4 dxe4
9.Qxe4 Bb4+ 10.Ke2 O-O 11.Be3 c5 12.Rd1 cxd4 13.Nxd4 e5 14.Nf5 Qf6 15.a3 Nc5
16.Qh4 Qxf5 17.axb4 Na4 18.f3 Be6 19.Rd2 Qb1 20.Qe4 Qxe4 21.fxe4 Bxc4+ 22.Kf3 Be6
23.Bb5 Nb6 24.Ra1 a6 25.Bxb6 axb5 26.Rxa8 Rxa8 27.Rd8+ Rxd8 28.Bxd8 h5 29.h4 f6
30.g3 Kf7 31.Ke3  1/2-1/2

[Event "Tal Memorial Blitz 2016"]
[Site "Moscow RUS"]
[Date "2016.09.25"]
[Round "4.4"]
[White "Kramnik,V"]
[Black "Mamedyarov,S"]
[Result "0-1"]
[WhiteElo "2808"]
[BlackElo "2761"]

1.d4 d5 2.Nf3 Nf6 3.Bg5 g6 4.c3 Bg7 5.Nbd2 O-O 6.e3 Nbd7 7.Be2 Re8 8.O-O e5
9.a4 a5 10.h3 c6 11.Rc1 Qe7 12.Qb3 Qe6 13.dxe5 Nxe5 14.Nxe5 Qxe5 15.Nf3 Qe7
16.c4 Be6 17.Nd4 dxc4 18.Bxc4 Bxc4 19.Rxc4 h6 20.Bxf6 Bxf6 21.Qc2 Rad8 22.Nb3 Rd5
23.e4 Re5 24.Re1 g5 25.Re3 Kh8 26.g3 Bg7 27.Nd4 Rxe4 28.Nxc6 Rxc4 29.Qxc4 Qd7
30.Rxe8+ Qxe8 31.Na7 Bxb2 32.Nb5 Qe1+ 33.Kg2 Qe6 34.Qxe6 fxe6 35.Kf3 Kg7
36.Ke4 Kf6 37.Nd6 b6 38.Nc4 Bc3 39.Nxb6 Be1 40.Ke3 Ke5 41.f4+ gxf4+ 42.gxf4+ Kd6
43.Ke4 Kc5 44.Nd7+ Kb4 45.Ke5 Bd2 46.Nf8 Kxa4 47.Nxe6 Kb4 48.f5 a4 49.f6 Bc3+
50.Kf5 Kc4 51.f7 Bb4 52.Nf4 a3 53.Ng6 a2 54.Ne5+ Kc3 55.Nc6 a1=Q 56.Nxb4 Qf1+
57.Kg6 Kxb4 58.Kg7 Qg2+ 59.Kxh6 Qf3 60.Kg7 Qg3+ 61.Kf6 Qf4+ 62.Kg7 Qg5+ 63.Kh7 Qf6
64.Kg8 Qg6+ 65.Kf8 Kc5 66.h4 Kd6 67.h5 Qh6+ 68.Kg8 Ke7  0-1

[Event "Tal Memorial Blitz 2016"]
[Site "Moscow RUS"]
[Date "2016.09.25"]
[Round "9.2"]
[White "Li Chao2"]
[Black "Mamedyarov,S"]
[Result "0-1"]
[WhiteElo "2746"]
[BlackElo "2761"]

1.Nf3 Nf6 2.g3 g6 3.Bg2 Bg7 4.O-O O-O 5.d4 d6 6.b3 e5 7.dxe5 dxe5 8.Bb2 e4
9.Qxd8 Rxd8 10.Nfd2 Bf5 11.Nc4 Nc6 12.Nc3 Nd4 13.Ne3 Ng4 14.Nxg4 Bxg4 15.Bxe4 Nxe2+
16.Nxe2 Bxb2 17.Rae1 c6 18.Nf4 Bc3 19.Re3 Bd2 20.Rd3 Bxf4 21.gxf4 Be2 22.Rxd8+ Rxd8
23.Re1 Rd2 24.f5 Kg7 25.Kg2 Kf6 26.fxg6 hxg6 27.Kg3 Bd1 28.Kf4 Bxc2 29.Ke3 Rd1
30.Rxd1 Bxd1 31.f3 Ke5 32.h4 f5 33.Bd3 a5 34.Bc4 a4 35.Bf7 f4+ 36.Kd2 Bxf3
37.Bxg6 Be4 38.Bf7 axb3 39.axb3 Bd5 40.Be8 Bxb3 41.h5 Be6 42.h6 Bf5 43.Bd7 Bh7
44.Ke2 c5 45.Bb5 Kf6 46.Kf3 Kg5 47.Bc4 b6 48.Bb5 Bg6 49.Bc4 Bh7 50.Bb5 Bf5
51.Bc4 Bg6 52.Bb5 Bh5+ 53.Ke4 f3 54.h7 Bg6+ 55.Kxf3 Bxh7 56.Ke3 Kf6 57.Kd2 Ke5
58.Kc3 Be4 59.Bd7 Kd6  0-1

[Event "10th Tal Mem 2016"]
[Site "Moscow RUS"]
[Date "2016.09.26"]
[Round "1.5"]
[White "Mamedyarov,S"]
[Black "Li Chao2"]
[Result "1/2-1/2"]
[WhiteElo "2761"]
[BlackElo "2746"]

1.d4 Nf6 2.c4 g6 3.Nf3 Bg7 4.g3 d5 5.Bg2 c5 6.O-O cxd4 7.Nxd4 O-O 8.cxd5 Nxd5
9.Nc3 Nxc3 10.bxc3 Nc6 11.Nxc6 bxc6 12.Be3 Bg4 13.Bd4 e5 14.Bc5 Qxd1 15.Rfxd1 Rfc8
16.Rd2 Bf8 17.Be3 Rab8 18.Bxa7 Ra8 19.Be3 Ra3 20.c4 Bb4 21.Rd3 Bxe2 22.Rxa3 Bxa3
23.c5 Bd3 24.Rd1 e4 25.Bf1 Rd8 26.f3 Rd5 27.fxe4 Bxe4 28.Rxd5 Bxd5 29.Bg2 Bxg2
30.Kxg2 f5 31.Kf3 Kf7 32.Kf4 Kf6 33.h4 h6 34.Kf3 g5 35.hxg5+ hxg5 36.g4 fxg4+
37.Kxg4 Ke5 38.Bxg5 Kd5 39.Kf3 Bxc5 40.Ke2 Kc4 41.Kd2  1/2-1/2

[Event "10th Tal Mem 2016"]
[Site "Moscow RUS"]
[Date "2016.09.29"]
[Round "3.5"]
[White "Mamedyarov,S"]
[Black "Gelfand,B"]
[Result "1-0"]
[WhiteElo "2761"]
[BlackElo "2743"]

1.d4 Nf6 2.c4 e6 3.Nf3 d5 4.Nc3 c6 5.Bg5 h6 6.Bxf6 Qxf6 7.g3 Nd7 8.Bg2 dxc4
9.O-O Be7 10.Ne4 Qf5 11.Ned2 e5 12.e4 Qh5 13.Nxc4 exd4 14.Qxd4 Qc5 15.e5 O-O
16.Qe4 Nb6 17.Ne3 Qb4 18.Nd4 Rd8 19.Rad1 Qxb2 20.e6 Bxe6 21.Nxe6 fxe6 22.Bh3 Kh8
23.Bxe6 g5 24.Ng4 Rxd1 25.Rxd1 Qg7 26.Ne5 Qf6 27.Bb3 Kg7 28.Ng4  1-0

[Event "10th Tal Mem 2016"]
[Site "Moscow RUS"]
[Date "2016.09.30"]
[Round "4.5"]
[White "Tomashevsky,E"]
[Black "Mamedyarov,S"]
[Result "1/2-1/2"]
[WhiteElo "2731"]
[BlackElo "2761"]

1.d4 d5 2.c4 c6 3.Nf3 Nf6 4.e3 Bf5 5.Nc3 e6 6.Nh4 Be4 7.f3 Bg6 8.Qb3 Qc7
9.Bd2 Be7 10.g3 Bh5 11.Be2 dxc4 12.Qxc4 a6 13.b4 Nd5 14.Ne4 Nd7 15.Ng2 e5
16.O-O O-O 17.dxe5 Nxe5 18.Qb3 Rad8 19.Rad1 f6 20.Nc5 Bf7 21.Qc2 Qb6 22.a3 a5
23.Na4 Qa7 24.bxa5 Bg6 25.Qb3 Bf7 26.Qc2 Bxa3 27.Kh1 b5 28.axb6 Nxb6 29.Nxb6 Qxb6
30.f4 Bb3 31.Qc3 Bxd1 32.Rxd1 Bb4 33.Qb3+ Nf7 34.Qxb4 Qxb4 35.Bxb4 Rxd1+
36.Bxd1 Rb8 37.Be1 Rb1 38.Bf3 c5 39.Kg1 c4 40.Kf2 Rb2+ 41.Kf1 Nd6 42.Bd5+ Kf8
43.e4 Rb1 44.Ke2 Rb2+ 45.Kf1 Rb1 46.Ke2 Rb2+ 47.Kf3 Nb5 48.Bxc4 Nd4+ 49.Ke3 Nc2+
50.Kf3 Nd4+ 51.Ke3 Nc2+ 52.Kd3 Nxe1+ 53.Nxe1 Rxh2 54.Ke3 Ke7 55.Bf1 Ra2 56.Nf3 g6
57.Nd4 Kd6 58.Be2 Ra3+ 59.Bd3 Ra2 60.Nb5+ Kc5 61.Nc7 Rg2 62.Kf3 Rb2 63.Ne6+ Kd6
64.Nd4 Kc5 65.Ke3 Rg2 66.Ne2 Rh2 67.Bb1 h5 68.Ba2 g5 69.Be6 h4 70.Bg4 hxg3
71.fxg5 fxg5 72.Nxg3 Rg2 73.Kf3 Rb2 74.Nf5 Kc4 75.Bh3 Rb1 76.Kf2 Rb2+ 77.Kg3 Rb1
78.Bg2 Kd3 79.Nd6 Re1 80.Kg4 Rg1 81.Kf3 Kd4 82.Nf5+ Ke5 83.Ne3 Ra1  1/2-1/2

[Event "10th Tal Mem 2016"]
[Site "Moscow RUS"]
[Date "2016.10.01"]
[Round "5.4"]
[White "Mamedyarov,S"]
[Black "Svidler,P"]
[Result "1/2-1/2"]
[WhiteElo "2761"]
[BlackElo "2745"]

1.d4 Nf6 2.c4 g6 3.Bg5 Ne4 4.Bf4 c5 5.Qc2 Qa5+ 6.Nd2 f5 7.f3 Nf6 8.d5 d6
9.e3 Bg7 10.Ne2 b5 11.Bg5 Nbd7 12.Nf4 Nb6 13.Kf2 O-O 14.h4 bxc4 15.Nxc4 Qa4
16.b3 Qe8 17.Rd1 Qf7 18.Nxb6 axb6 19.a4 Bd7 20.Bc4 Rfb8 21.Qe2 Ra5 22.Rb1 h6
23.Bxf6 Qxf6 24.h5 g5 25.Ne6 b5 26.axb5 Bxb5 27.f4 gxf4 28.exf4 Rba8 29.Rbc1 Ra2
30.Rc2 Rxc2 31.Qxc2 Bd7 32.Qe2 Bxe6 33.Qxe6+ Qxe6 34.dxe6 Ra2+ 35.Kf3 Rd2
36.Rc1 Bb2 37.Re1 d5 38.Re2 Rxe2 39.Bxe2 Kg7 40.Bb5 Kf6 41.Bd7 Bc1 42.g4 Bd2
43.Bc8 c4 44.bxc4 dxc4 45.Ba6 c3 46.Bd3 fxg4+ 47.Kxg4 Kxe6 48.f5+ Ke5 49.Kf3 Kd4
50.Bc2  1/2-1/2

[Event "10th Tal Mem 2016"]
[Site "Moscow RUS"]
[Date "2016.10.02"]
[Round "6.1"]
[White "Nepomniachtchi,I"]
[Black "Mamedyarov,S"]
[Result "1-0"]
[WhiteElo "2740"]
[BlackElo "2761"]

1.e4 e5 2.Nf3 Nc6 3.Bc4 Bc5 4.O-O Nf6 5.d3 d6 6.c3 h6 7.a4 a6 8.h3 O-O 9.Re1 Re8
10.Nbd2 Be6 11.Bxe6 Rxe6 12.b4 Ba7 13.Qc2 d5 14.Nb3 Ne7 15.exd5 Qxd5 16.c4 Qd6
17.Nc5 Bxc5 18.bxc5 Qxc5 19.Ba3 Qa5 20.d4 Ng6 21.Bb2 Rae8 22.Bc3 Qb6 23.Rab1 Qa7
24.dxe5 Nd7 25.Rbd1 Ndf8 26.h4 Qc5 27.h5 Ne7 28.Re4 Rc6 29.Nd4 Qxc4 30.Nxc6 Qxc6
31.Qd3 b5 32.axb5 axb5 33.Bb4 Qb7 34.Bxe7 Rxe7 35.Rd4 Rxe5 36.Rd8 Qc6 37.Qd7 Qc5
38.Qc8 Rxh5 39.Rxf8+ Qxf8 40.Rd8 Qxd8 41.Qxd8+ Kh7 42.Qd7 f6 43.Qxc7 b4 44.Qc2+ Kh8
45.Qc4 Re5 46.g3 Kh7 47.Kg2 b3 48.Qxb3 Kh8 49.Kh3 Rh5+ 50.Kg4 Rg5+ 51.Kh4 Re5
52.f4 Ra5 53.Qc3 Rd5 54.Qb4  1-0

[Event "10th Tal Mem 2016"]
[Site "Moscow RUS"]
[Date "2016.10.04"]
[Round "7.3"]
[White "Mamedyarov,S"]
[Black "Aronian,L"]
[Result "1/2-1/2"]
[WhiteElo "2761"]
[BlackElo "2795"]

1.d4 Nf6 2.c4 e6 3.Nf3 d5 4.Nc3 Be7 5.Bf4 O-O 6.e3 Nbd7 7.a3 c5 8.cxd5 Nxd5
9.Nxd5 exd5 10.dxc5 Nxc5 11.Be5 Bf5 12.Be2 Bf6 13.Bxf6 Qxf6 14.Nd4 Ne6 15.Nxf5 Qxf5
16.O-O Qe5 17.Qd2 d4 18.Bc4 dxe3 19.Qxe3 Qxe3 20.fxe3 Rae8 21.Rad1 Re7 22.Bxe6 fxe6
23.Rxf8+ Kxf8 24.Rd8+ Re8 25.Rxe8+ Kxe8 26.Kf2 Ke7 27.Kf3 e5 28.Kg4 Kf6 29.e4 g6
30.b4 b5 31.Kh4 Kg7 32.Kg5 h6+ 33.Kg4 Kf6 34.h3 Kf7 35.h4 Ke6 36.h5 g5 37.Kf3 Kf7
38.Kg4 Ke6 39.Kf3 Kf7 40.Kg4  1/2-1/2

[Event "10th Tal Mem 2016"]
[Site "Moscow RUS"]
[Date "2016.10.05"]
[Round "8.5"]
[White "Giri,A"]
[Black "Mamedyarov,S"]
[Result "1/2-1/2"]
[WhiteElo "2755"]
[BlackElo "2761"]

1.e4 e5 2.Nf3 Nc6 3.Bc4 Bc5 4.O-O Nf6 5.d3 d6 6.c3 h6 7.Re1 O-O 8.Nbd2 a6
9.Nf1 Na5 10.b4 Nxc4 11.bxc5 Na5 12.cxd6 cxd6 13.a4 b5 14.axb5 axb5 15.Rb1 Qc7
16.Bd2 Re8 17.h3 Nb7 18.Nh4 d5 19.exd5 Nxd5 20.Rxb5 Nxc3 21.Bxc3 Qxc3 22.Nf3 Ra5
23.Rxa5 Qxa5 24.Qd2 Qb5 25.Qc3 f6 26.d4 exd4 27.Nxd4 Qd7 28.Rxe8+ Qxe8 29.Ne3 Nd6
30.Qc5 Qe5 31.Qxe5 fxe5 32.Nc6 e4 33.Kh2 Kf7 34.Kg3 g5 35.h4 Nf5+ 36.Nxf5 Bxf5
37.hxg5 hxg5 38.Ne5+ Kf6 39.Nc4 Be6 40.Ne3  1/2-1/2

[Event "10th Tal Mem 2016"]
[Site "Moscow RUS"]
[Date "2016.10.06"]
[Round "9.2"]
[White "Mamedyarov,S"]
[Black "Kramnik,V"]
[Result "1-0"]
[WhiteElo "2761"]
[BlackElo "2808"]

1.d4 Nf6 2.c4 e6 3.Nf3 d5 4.Nc3 Be7 5.Bf4 O-O 6.e3 Nbd7 7.a3 c5 8.cxd5 Nxd5
9.Nxd5 exd5 10.dxc5 Nxc5 11.Be5 Bf5 12.Be2 Bf6 13.O-O Bxe5 14.Nxe5 Qf6 15.b4 Qxe5
16.bxc5 Rac8 17.Rc1 Rfd8 18.Qd4 f6 19.g4 Bg6 20.Rc3 Rc7 21.Rfc1 Re7 22.Rd1 Qg5
23.Qb4 Re4 24.Rd4 Rde8 25.Rcd3 Kh8 26.Rd2 h5 27.Qxb7 hxg4 28.Rxd5 f5 29.Bf1 Rxe3
30.c6 Rc3 31.c7 Qf4 32.Rd7 Rg8 33.R2d4 Qc1 34.Qb8 Kh7 35.Rd8 Bf7 36.Rxg8 Bxg8
37.Rd8 Be6 38.Rh8+ Kg6 39.Qe8+ Kf6 40.Qf8+ Kg6 41.Qd6 Rc6 42.c8=Q  1-0

[Event "Amir Timur 680 Rapid 2016"]
[Site "Tashkent UZB"]
[Date "2016.10.18"]
[Round "1.2"]
[White "Gelfand,B"]
[Black "Mamedyarov,S"]
[Result "0-1"]
[WhiteElo "2743"]
[BlackElo "2762"]

1.d4 d5 2.c4 c6 3.Nf3 Nf6 4.e3 Bf5 5.Nc3 e6 6.Nh4 Be4 7.f3 Bg6 8.Qb3 Qc7
9.Bd2 Be7 10.g3 Bh5 11.O-O-O Nfd7 12.Rg1 Nb6 13.c5 N6d7 14.g4 Bg6 15.Be1 b6
16.Bg3 Qd8 17.Nxg6 hxg6 18.cxb6 axb6 19.e4 O-O 20.Kb1 b5 21.h4 b4 22.Ne2 c5
23.exd5 c4 24.Qxc4 Nb6 25.Qb3 exd5 26.h5 g5 27.Bxb8 Qxb8 28.Ng3 Bf6 29.Nf5 Rc8
30.Rg2 Qf4 31.Qxb4 Rab8 32.Qd2 Qc7 33.Rc1 Nc4 34.Bxc4 dxc4 35.Qc3 Qa7 36.Re2 Ra8
37.a3 Rab8 38.Nd6 Rc7 39.Nxc4 Bxd4 40.Qd3 Qc5 41.Rce1 Rcc8 42.Re4 Bf6 43.Ne5 Rd8
44.Qc2 Qxa3 45.Ra4 Rxb2+ 46.Qxb2 Qxa4 47.Rc1 Qa5 48.Nc6 Bxb2 49.Nxa5 Bxc1
50.Kxc1 Rd3  0-1

[Event "Amir Timur 680 Rapid 2016"]
[Site "Tashkent UZB"]
[Date "2016.10.18"]
[Round "2.2"]
[White "Mamedyarov,S"]
[Black "Kasimdzhanov,R"]
[Result "1/2-1/2"]
[WhiteElo "2762"]
[BlackElo "2691"]

1.d4 d5 2.c4 dxc4 3.Nf3 Nf6 4.Nc3 a6 5.e4 b5 6.e5 Nd5 7.a4 e6 8.axb5 Bb4
9.Bd2 Nb6 10.bxa6 Nxa6 11.Be2 Bb7 12.O-O O-O 13.Na4 c5 14.dxc5 Bxc5 15.Nxc5 Nxc5
16.Be3 Nd3 17.Rxa8 Bxa8 18.b3 Bxf3 19.Bxf3 Nd5 20.Bd4 N5f4 21.Ba1 Qc7 22.g3 Ng6
23.bxc4 Ndxe5 24.Be2 Rd8 25.Qb3 h6 26.Qe3 Nc6 27.Rd1 Rc8 28.Qe4 Nce7 29.h4 Qc6
30.Qc2 Nf5 31.Qc3 f6 32.Bf3 Qc5 33.Bb7 Rb8 34.Be4 Ne5 35.Rc1 Rd8 36.Bxf5 exf5
37.Qe3 Qxe3 38.fxe3 Nc6 39.h5 Rd2 40.c5 Kf7 41.Bc3 Rd5 42.Bd4 Ke6 43.Kf2 f4
44.gxf4 Rxh5 45.Ra1 Kd5  1/2-1/2